Les 20 villes les plus peuplées du Rhône (69) - Statistiques

Statistiques générales
  • Ce quiz a été pris 101 fois
  • Le résultat moyen est 13 sur 20
Statistiques - réponses
HINT HINT ANSWER % Correct
520 774 L Lyon
100%
162 207 V Villeurbanne
97%
66 701 V Vénissieux
88%
52 448 V Vaulx-en-Velin
81%
42 850 B Bron
77%
49 193 S Saint-Priest
74%
43 479 C Caluire-et-Cuire
71%
37 928 O Oullins
69%
36 224 V Villefranche-sur-Saône
69%
36 437 M Meyzieu
64%
18 019 É Écully
60%
20 943 G Givors
59%
29 905 D Décines-Charpieu
57%
31 479 R Rillieux-la-Pape
53%
22 819 T Tassin-la-Demi-Lune
53%
21 329 S Saint-Genis-Laval
50%
19 549 S Saint-Fons
49%
21 893 S Sainte-Foy-lès-Lyon
42%
15 664 F Francheville
40%
13 767 B Belleville-en-Beaujolais
21%
Aucun quiz correspondant
Distribution des résultats
% des personnes avec chaque résultat
Percentile par nombre de réponses
Votre historique - résultats
Vous n’avez pas pris ce quiz